00327nam a2200133Ia 4500003000400000008004100004020002300045040000800068100001900076245003300095260003900128300001500167365001100182LDD181029s9999 xx 000 0 und d a8184042612c350.00 cLDD aRaymond, Scott 0aAjax on RailscScott Raymond aNew DelhibShroff publishersc2007 axii, 336p. b350.00